The schemer and the dreamer : (Record no. 3055)
[ view plain ]
| 000 -LEADER | |
|---|---|
| fixed length control field | 00857cam a2200265 i 4500 |
| 001 - CONTROL NUMBER | |
| control field | 3231620 |
| 003 - CONTROL NUMBER IDENTIFIER | |
| control field | GBCCL |
| 005 - DATE AND TIME OF LATEST TRANSACTION | |
| control field | 20241126110446.0 |
| 008 - FIXED-LENGTH DATA ELEMENTS--GENERAL INFORMATION | |
| fixed length control field | 800116s1976 oru 000 0ceng |
| 010 ## - | |
| -- | 79125726 |
| 040 ## - CATALOGING SOURCE | |
| Original cataloging agency | DLC |
| Transcribing agency | DLC |
| Modifying agency | DLC |
| 050 00 - | |
| -- | BS573 |
| -- | .P28 |
| 082 00 - DEWEY DECIMAL CLASSIFICATION NUMBER | |
| Classification number | 222.11092 |
| -- | B |
| Item number | PAL |
| 100 1# - MAIN ENTRY--PERSONAL NAME | |
| Personal name | Palau, Luis, |
| Dates associated with a name | 1934- |
| 9 (RLIN) | 5570 |
| 245 14 - TITLE STATEMENT | |
| Title | The schemer and the dreamer : |
| Remainder of title | God's way to the top / |
| Statement of responsibility, etc. | Luis Palau ; foreword by Billy Graham. |
| 260 ## - PUBLICATION, DISTRIBUTION, ETC. | |
| Place of publication, distribution, etc. | Portland, Or. : |
| Name of publisher, distributor, etc. | Multnomah Press, |
| Date of publication, distribution, etc. | c1976. |
| 300 ## - PHYSICAL DESCRIPTION | |
| Extent | 144 p. ; |
| Dimensions | 22 cm. |
| 600 00 - SUBJECT ADDED ENTRY--PERSONAL NAME | |
| Personal name | Jacob |
| Titles and other words associated with a name | (Biblical patriarch) |
| 9 (RLIN) | 633 |
| 600 00 - SUBJECT ADDED ENTRY--PERSONAL NAME | |
| Personal name | Joseph |
| Titles and other words associated with a name | (Son of Jacob) |
| 9 (RLIN) | 2685 |
| 630 00 - SUBJECT ADDED ENTRY--UNIFORM TITLE | |
| Uniform title | Bible. |
| Name of part/section of a work | Old Testament |
| Form subdivision | Biography. |
| 9 (RLIN) | 5784 |
| 650 #0 - SUBJECT ADDED ENTRY--TOPICAL TERM | |
| Topical term or geographic name entry element | Patriarchs (Bible) |
| Form subdivision | Biography. |
| 9 (RLIN) | 635 |
| 650 #0 - SUBJECT ADDED ENTRY--TOPICAL TERM | |
| Topical term or geographic name entry element | Christian life. |
| 9 (RLIN) | 183 |
| 906 ## - LOCAL DATA ELEMENT F, LDF (RLIN) | |
| a | 7 |
| b | cbc |
| c | orignew |
| d | 2 |
| e | ncip |
| f | 19 |
| g | y-gencatlg |
| 942 ## - ADDED ENTRY ELEMENTS (KOHA) | |
| Source of classification or shelving scheme | Dewey Decimal Classification |
| Koha item type | Books |
| Withdrawn status | Lost status | Source of classification or shelving scheme | Damaged status | Not for loan | Home library | Current Library | Shelving location | Date acquired | Total checkouts | Full call number | Barcode | Date last seen | Copy number | Price effective from | Koha item type |
|---|---|---|---|---|---|---|---|---|---|---|---|---|---|---|---|
| Dewey Decimal Classification | GRACE BIBLE COLLEGE | GRACE BIBLE COLLEGE | Biblical Studies | 2017-10-16 | 222.11092 PAL | 002925 | 2025-05-01 | c.1 | 2017-10-16 | Books |